| 000 | 00517nam a2200181Ia 4500 | ||
|---|---|---|---|
| 999 |
_c10208 _d10208 |
||
| 003 | OSt | ||
| 005 | 20191224132212.0 | ||
| 008 | 190216s9999||||xx |||||||||||||| ||und|| | ||
| 020 | _a9780415157162 | ||
| 040 | _coclc | ||
| 082 |
_a339 _bSNO/M |
||
| 100 |
_aSnowdon, Brian _9737 |
||
| 245 | 0 |
_aA Macroeconomics Reader / _cBrian Snowdon ; Howard R Vane |
|
| 260 |
_bRoutledge Kegan Paul, _c1997. _aLondon: |
||
| 300 | _a676p | ||
| 650 | _aEconomics | ||
| 942 |
_cBK _2ddc _h339 _iSNO/M _k339 _mSNO/M |
||